Deväť hodín s prezidentom Michal Kováč s manželkou v Košiciach

Bibliographic Details
Main Author: šg (Author)
Format: Article
Language:Slovak
Subjects:

MARC

LEADER 00000nab a2200000 a 4500
001 vtls000891936
003 SK-MaSNL
005 20260303173040.0
008 040720e19941220xo 0 slo
035 |a KE975 
040 |a KEVKJB  |b slo  |c KEVKJB  |e AACR2 
041 0 |a slo 
044 |a xo  |c SK 
080 |a 323(437.671)  |2 1981 
080 |a 342.511  |2 1981 
100 0 |a šg  |4 aut  |9 853272 
245 1 0 |a Deväť hodín s prezidentom  |b Michal Kováč s manželkou v Košiciach 
600 1 7 |a Kováč, Michal,  |d 1930-2023  |2 KEVKJB  |9 13813 
650 0 7 |a návštevy štátnické  |2 KEVKJB  |9 1198759 
650 0 7 |a reportáže  |2 KEVKJB  |9 75670 
651 7 |a Košice (Slovensko)  |2 KEVKJB  |9 18694 
773 0 8 |t Košický večer  |g Roč. 5  |g Roč. 28, č.244, 20.12.1994, s. 1,2 
852 |a ZVYKNI  |b KIS3GCP 
999 |c 2090821  |d 2092751